Шифърът на кръста (Запис номер 174387)
[ съкратено ]
| 000 -Лидер | |
|---|---|
| Контролно поле с фиксирана дължина | 02455nam a2200445 c 4500 |
| 003 - Код на организацията, давaща контролен номер | |
| Контролно поле | BLK |
| 005 - Дата и час на последна редакция | |
| Контролно поле | 20220715090201.0 |
| 008 - Елементи от данни с фиксирана дължина | |
| fixed length control field | 180411b bul|||||r ||||||| ||bul|| |
| 010 ## - Наследен системен номер | |
| LC control number | KNG00182863000 |
| 020 ## - Международен стандартен номер на книга ISBN | |
| Международен стандартен номер на книга ISBN | 978-954-398-380-3 |
| -- | издат.: Труд |
| 040 ## - Източник на каталожния запис | |
| Идентификатор на билиотеката - собственик на записа | BLK |
| 041 ## - Код за език | |
| Код за езика на текст/звукозапис или на отделно заглавие | Български |
| Код за езика КДБФ | Български |
| 072 #7 - Код за тематичната категория | |
| Код организация | bullib |
| Код за тематична категория | Н20 |
| Текст | Религия. Теология Н |
| 080 ## - УДК | |
| Текстов определител УДК | Религия на древните траки. Подразделя се като 291 |
| УДК код - определител по УДК | 292(=919.885) |
| УДК определител | |
| УДК - код + определител | 292(=919.885) |
| 080 ## - УДК | |
| Текстов определител УДК | Христология - Иисус Христос. Светото семейство. Дева Мария (Богородица). Йоан Кръстител |
| УДК код - определител по УДК | 232 |
| УДК определител | |
| УДК - код + определител | 232 |
| 080 ## - УДК | |
| Текстов определител УДК | Митичен тракийски певец и музикант, основал учението Орфизъм |
| УДК код - определител по УДК | 929 Орфей |
| УДК определител | |
| УДК - код + определител | 929 Орфей |
| 100 1# - Редна дума - Автор | |
| Автор | Данева, Никол |
| Авторска отговорност | първи автор |
| Автор - информация (биография) | Николова, Йорданка Стефанова |
| R(LIN) | 276690 |
| 139 ## - Редно поле | |
| Редна дума | Данева, Никол |
| Авторски знак | Дане - Д 18 |
| 245 10 - Сведения за заглавието | |
| Заглавие | Шифърът на кръста |
| Подзаглавни данни | За приликата между Орфей и Христос, за кръста като орфически знак и неговия таен смисъл, за гностическата ерес, богомилите и маговете, както и версията за истинното учение на човека Иисус, комент. в светлината на ист. факти |
| Редно поле (дума) | Никол Данева; * Йорданка Стефанова Николова. |
| 257 ## - Страна на издаване | |
| Страна на създаване/издаване | България |
| 260 ## - Област на издателските данни | |
| -- | София |
| Име на издателя, разпространителя и проч. | Труд |
| Година на издаване | 2014 |
| Печатница | София : Инвестпрес |
| 300 ## - Физическа характеристика | |
| Страници | 520 с. |
| Размери/Мащаб | 21 см |
| 380 ## - Жанр | |
| Жанр | Религия. Теология |
| 500 ## - Общи забележки | |
| Забележка | Никол Данева - псевд. на Йорданка Стефанова Николова. - Библиогр. след всяка част и под линия. |
| 600 14 - Име на лице, използвано като предмет | |
| За него / За нея | Орфей |
| 9 (RLIN) | 223631 |
| 600 14 - Име на лице, използвано като предмет | |
| За него / За нея | Исус Христос |
| 9 (RLIN) | 242519 |
| 650 #4 - Допълнително описание по предмет – тема | |
| Основно описание – тема или топоним | Орфей |
| 9 (RLIN) | 223631 |
| 650 #4 - Допълнително описание по предмет – тема | |
| Основно описание – тема или топоним | Исус Христос |
| 9 (RLIN) | 242519 |
| 650 #4 - Допълнително описание по предмет – тема | |
| Основно описание – тема или топоним | Конспирации |
| 9 (RLIN) | 159180 |
| 653 ## - Ключова дума – ненормативна | |
| Ключова дума | Орфей |
| 653 ## - Ключова дума – ненормативна | |
| Ключова дума | Исус Христос |
| 653 ## - Ключова дума – ненормативна | |
| Ключова дума | орфизъм |
| 659 ## - Тематичен бюлетин | |
| Тематичен бюлетин | Н |
| 700 1# - Други автори (авторска отговорност) | |
| Лично име | Николова, Йорданка Стефанова |
| Автороска отговорност (Описва отношението между автора и произведението) | * |
| 9 (RLIN) | 276692 |
| 852 ## - Местоположение | |
| Форматна сигнатура | Цб 277142 |
| 856 4# - Електронен адрес и достъп | |
| Електронен формат | pdf - файл |
| Път до файла /url/ | |
| 856 4# - Електронен адрес и достъп | |
| Електронен формат | pdf - файл |
| Път до файла /url/ | |
| 942 ## - АРТИКУЛИ | |
| Вид на библиотечния материал | Книги |
| Скрит в OPAC | Не |
| Koha issues (borrowed), all copies | 7 |
| 944 ## - СЪЗДАВАНЕ И РЕДАКЦИЯ на ЗАПИСА | |
| Създаване/Редакция | Създаване |
| Дата на регистрацията/редакция | 29.09.2015 |
| Статус, дата на статуса | ф / |
| Служител, извършил регистрацията/редакцията | Виолета_Тройчева |
| 944 ## - СЪЗДАВАНЕ И РЕДАКЦИЯ на ЗАПИСА | |
| Създаване/Редакция | Редакция |
| Дата на регистрацията/редакция | 20.11.2015 |
| Статус, дата на статуса | ф / |
| Служител, извършил регистрацията/редакцията | Людмила_Стоянова |
| 999 ## - СИСТЕМНИ КОНТРОЛНИ НОМЕРА | |
| Koha biblionumber | 174387 |
| Koha biblioitemnumber | 174387 |
| Код за отписване | Код за изгубен артикул | Източник на класификационната схема | Код за повреда | Коз за рестрикции | Код за отдаване | Артикулен № | Име на библиотеката - собственик | Име на библиотеката, в която се намира в момента | Статус (Текущо местоположение) | Дата на вписване в системата | Местоположение - отдел | Цена в лева | Инвентарен номер | Систематично азбучна сигнатура | Баркод | Номер на екземпляра | Цена в евро | Служебна бележка | Служебен тип на артикула |
|---|---|---|---|---|---|---|---|---|---|---|---|---|---|---|---|---|---|---|---|
| Не е изгубен | Universal Decimal Classification | Не е повреден | без рестрикции | заемане за дома | 299196 | Регионална библиотека "Любен Каравелов" Русе | Регионална библиотека "Любен Каравелов" Русе | Заемна - подръчен фонд | 2015-09-29 | Заемна - подръчен фонд | 14.99 | 120000793164 | П 29/Д 18 | 120000793164 | 1 | 7.66 | Дост: DA Вид: А N: 19 Дата: 29.09.2015 Дата инв: 06.02.2018 Бележки инв: П2018 | Книги | |
| Не е изгубен | Не е повреден | без рестрикции | ползва се в читалня | 299197 | Регионална библиотека "Любен Каравелов" Русе | Регионална библиотека "Любен Каравелов" Русе | Хранилище | 2015-11-12 | Хранилище | 14.99 | 120000794736 | Цб 277142 | 120000794736 | 2 | 7.66 | Дост: Dp Вид: Д N: 42 Дата: 29.09.2015 | Книги |